000 00767nam a2200229 i 4500
001 12600
003 ES-MaACL
005 20230906150345.0
007 t|
008 970812s1995 sp ||||1| spa d
020 _a84-8193-182-9
080 _a342.738(460)"19"(094.9)
080 _a342.727(460)
100 1 _aSarazá Jimena, Rafael.
_9103777
245 1 0 _aLibertad de expresión e información frente a honor, intimidad y propia imagen /
_cRafael Sarazá Jimena.
260 _aPamplona :
_bAranzadi,
_cD.L. 1995.
300 _a555 p. ;
_c24 cm.
500 _aIndices.
650 1 4 _aDerecho a la intimidad-
_zEspaña-
_vJurisprudencia.
_911638
650 1 4 _aLibertad de información-
_zEspaña-
_vJurisprudencia.
_914411
852 _aES-MaACL
_jL-19876
_bR.125613
999 _c12600
_d12600